มุมมองปกติ
มุมมองแบบ MARC
- ขบวนการโจรก่อการร้าย
รายการ Topical Term
001 - CONTROL NUMBER
- control field: 44417
003 - CONTROL NUMBER IDENTIFIER
- control field: NALT
005 - DATE AND TIME OF LATEST TRANSACTION
- control field: 20200417095320.0
008 - FIXED-LENGTH DATA ELEMENTS
- fixed length control field: 200417|| aca||babn | a|a d
040 ## - CATALOGING SOURCE
- Original cataloging agency: NALT
150 ## - HEADING--TOPICAL TERM
- Topical term or geographic name entry element: ขบวนการโจรก่อการร้าย
